[Event "AUTO-OPEN-1662"]
[Site "http://www.queenalice.com/game.php?id=638777"]
[Date "2009.8.19"]
[Round "1"]
[White "lekobr"]
[Black "Gil"]
[Result "1/2-1/2"]
[WhiteElo "1831"]
[BlackElo "2264"]

1. e4 c5 2. Nf3 Nc6 3. d4 cxd4 4. Nxd4 Nf6 5. Nc3 e5 6. Ndb5 d6 7. a4 a6 8. Na3
Be6 9. Bg5 h6 10. Bxf6 Qxf6 11. Nd5 Qd8 12. Bc4 Be7 13. Nxe7 Qxe7 14. O-O O-O
15. c3 Rac8 16. Qd2 Rfd8 17. Rfd1 Na5 18. Bxe6 Qxe6 19. Qd5 Nb3 20. Rab1 Nc5 21.
Qxe6 fxe6 22. Nc4 Nxe4 23. f3 Nxc3 24. bxc3 Rxc4 25. Rxb7 Rxa4 26. Rb6 Kf7 27.
Rdxd6 Rxd6 28. Rxd6 Ke7 29. Rb6 Rc4 30. Rxa6 Rxc3 31. Kf2 Rc2+ 32. Kg3 Re2 33.
h4 e4 34. Ra3 e3 35. f4 Re1 36. Kf3 Rf1+ 37. Kxe3 Kf6 38. Ra5 Re1+ 39. Kf2 Re4
40. Kf3 Re1 41. g3 e5 42. fxe5+ Rxe5 1/2-1/2

[Event "AUTO-OPEN-1662"]
[Site "http://www.queenalice.com/game.php?id=638778"]
[Date "2009.8.19"]
[Round "1"]
[White "Gil"]
[Black "lekobr"]
[Result "1-0"]
[WhiteElo "2229"]
[BlackElo "1877"]

1. d4 d5 2. Nf3 Nf6 3. e3 e6 4. c4 c6 5. Nc3 Nbd7 6. Be2 dxc4 7. Bxc4 b5 8. Bd3
a6 9. e4 c5 10. e5 cxd4 11. Ne4 Nxe4 12. Bxe4 Rb8 13. Qxd4 Be7 14. Be3 Qb6 15.
O-O O-O 16. Bxh7+ Kxh7 17. Qd3+ 1-0

[Event "MJ honor game"]
[Site "http://www.queenalice.com/game.php?id=638830"]
[Date "2009.8.19"]
[Round "-"]
[White "KasparovPadawan"]
[Black "lekobr"]
[Result "1-0"]
[WhiteElo "1928"]
[BlackElo "1844"]

1. d4 d5 2. Nc3 c6 3. h3 g6 4. Nf3 Nd7 5. b3 Bg7 6. Bb2 Ngf6 7. e3 O-O 8. Bd3
Re8 9. O-O Qc7 10. Re1 e5 11. dxe5 Nxe5 12. Nxe5 Qxe5 13. Rb1 Qg5 14. Qf3 Nd7
15. Ne2 Ne5 16. Qg3 Qxg3 17. Nxg3 Nxd3 18. cxd3 f6 19. e4 dxe4 20. Nxe4 f5 21.
Nf6+ Bxf6 22. Rxe8+ 1-0

[Event "Mi little defense"]
[Site "http://www.queenalice.com/game.php?id=638833"]
[Date "2009.8.19"]
[Round "-"]
[White "lekobr"]
[Black "KasparovPadawan"]
[Result "0-1"]
[WhiteElo "1877"]
[BlackElo "1913"]

1. e4 e5 2. Nf3 d6 3. d4 exd4 4. Nxd4 c5 5. Nf3 Nc6 6. Nc3 a6 7. Bc4 Bg4 8. O-O
Bxf3 9. Qxf3 Nf6 10. Bg5 Ne5 11. Qe2 Nxc4 12. Qxc4 Be7 13. Rad1 O-O 14. e5 Ne8
15. Bxe7 Qxe7 16. exd6 Nxd6 17. Qxc5 Rad8 18. Rfe1 Qf6 19. Qe5 Qxe5 20. Rxe5 Nc4
21. Rxd8 Rxd8 22. b3 Nxe5 0-1

[Event "AUTO-ADV-1475"]
[Site "http://www.queenalice.com/game.php?id=653588"]
[Date "2009.9.17"]
[Round "1"]
[White "sioux"]
[Black "lekobr"]
[Result "1-0"]
[WhiteElo "1660"]
[BlackElo "1816"]

1. d4 Nf6 2. e3 d5 3. Nf3 e6 4. Nbd2 c5 5. c3 Nc6 6. dxc5 Bxc5 7. Bb5 Bd7 8. b4
Bd6 9. O-O O-O 10. Ba3 Qb6 11. Bxc6 Bxc6 12. Bb2 Rac8 13. a4 a6 14. a5 1-0

[Event "AUTO-ADV-1475"]
[Site "http://www.queenalice.com/game.php?id=653589"]
[Date "2009.9.17"]
[Round "1"]
[White "lekobr"]
[Black "sioux"]
[Result "0-1"]
[WhiteElo "1794"]
[BlackElo "1682"]

1. d4 d5 2. c4 Nf6 3. cxd5 Nxd5 4. e4 Nb6 5. Nc3 e6 6. Nf3 Bb4 7. Qb3 Bxc3+ 8.
Qxc3 O-O 9. Be2 N8d7 10. O-O c6 11. Bf4 a6 12. Rac1 Nf6 13. Bg5 Nbd7 0-1

[Event "AUTO-ADV-1475"]
[Site "http://www.queenalice.com/game.php?id=653600"]
[Date "2009.9.17"]
[Round "1"]
[White "MalucoO"]
[Black "lekobr"]
[Result "1-0"]
[WhiteElo "2178"]
[BlackElo "1772"]

1. e4 c5 2. Nf3 e6 3. g3 b6 4. Bg2 Bb7 5. Nc3 Nf6 6. d3 d6 7. O-O Be7 8. Re1 O-O
9. d4 cxd4 10. Nxd4 Nbd7 11. e5 Bxg2 12. exf6 Nxf6 13. Kxg2 Qc7 14. Be3 a6 15.
a4 Rac8 16. h3 1-0

[Event "AUTO-ADV-1475"]
[Site "http://www.queenalice.com/game.php?id=653601"]
[Date "2009.9.17"]
[Round "1"]
[White "lekobr"]
[Black "MalucoO"]
[Result "0-1"]
[WhiteElo "1774"]
[BlackElo "2177"]

1. d4 Nf6 2. c4 e6 3. Nc3 Bb4 4. Qc2 c5 5. dxc5 Nc6 6. a3 Bxc5 7. b4 Be7 8. Nf3
b6 9. g3 Bb7 10. Bg2 O-O 11. O-O a6 12. Bb2 Rc8 13. Rad1 d6 14. Rd2 Qc7 15. Rfd1
Rfd8 16. Na4 Nb8 17. Rc1 Nbd7 0-1

[Event "QA-ANNIV-05"]
[Site "http://www.queenalice.com/game.php?id=654383"]
[Date "2009.9.18"]
[Round "2"]
[White "lekobr"]
[Black "felipebasso"]
[Result "0-1"]
[WhiteElo "1853"]
[BlackElo "1859"]

1. d4 g6 2. c4 Bg7 3. e4 d6 4. Nc3 Nf6 5. f3 O-O 6. Nge2 Nc6 7. Be3 b6 8. Qd2
Ba6 9. b3 Nb4 10. a3 Nc6 11. d5 Ne5 12. Nd4 Nfd7 13. Be2 Nc5 14. Qc2 Ned7 15.
O-O Re8 16. b4 e5 0-1

[Event "AUTO-ADV-1554"]
[Site "http://www.queenalice.com/game.php?id=689451"]
[Date "2009.11.27"]
[Round "1"]
[White "diego2907"]
[Black "lekobr"]
[Result "1-0"]
[WhiteElo "1868"]
[BlackElo "1890"]

1. e4 e5 2. Bc4 Nf6 3. d3 Be7 4. h3 d6 5. a3 c6 6. Nf3 O-O 7. Bg5 Be6 8. Bxe6
fxe6 9. Nc3 Nbd7 10. Qd2 Ne8 11. Bxe7 Qxe7 12. O-O-O d5 13. Rhe1 Nef6 14. Qg5
Qf7 15. Nxe5 Nxe5 16. Qxe5 Rad8 17. g4 Ne8 18. Rf1 Qf6 19. Qg3 d4 20. Na4 e5 21.
Nc5 Qe7 22. Nb3 b6 23. f4 exf4 24. Rxf4 c5 25. Rxf8+ Qxf8 26. h4 Qe7 27. g5 1-0

[Event "AUTO-ADV-1554"]
[Site "http://www.queenalice.com/game.php?id=689452"]
[Date "2009.11.27"]
[Round "1"]
[White "lekobr"]
[Black "diego2907"]
[Result "0-1"]
[WhiteElo "1873"]
[BlackElo "1885"]

1. e4 e5 2. Nf3 d6 3. d4 Bg4 4. dxe5 Bxf3 5. Qxf3 dxe5 6. Bc4 Nf6 7. Qb3 Bc5 8.
Bxf7+ Kf8 9. Qxb7 Nbd7 10. Bd5 Nxd5 11. Qxd5 Bd6 12. O-O Nf6 13. Qd3 h6 14. Nc3
Kf7 15. f4 Re8 16. fxe5 Rxe5 17. Bf4 Re8 18. Bxd6 cxd6 19. Nd5 Kg8 20. Nxf6+
gxf6 21. Rad1 Re6 22. Rf3 Qb6+ 23. Kh1 Qxb2 24. a3 Rf8 25. Rdf1 Qe5 26. Rf5 Qb2
27. g3 Kg7 28. Qb3 Qxb3 29. cxb3 Rxe4 30. b4 Rd4 31. R1f4 Rd1+ 0-1

[Event "AUTO-ADV-1554"]
[Site "http://www.queenalice.com/game.php?id=689467"]
[Date "2009.11.27"]
[Round "1"]
[White "Marchess"]
[Black "lekobr"]
[Result "0-1"]
[WhiteElo "1855"]
[BlackElo "1821"]

1. e4 c5 2. Nf3 d6 3. d4 cxd4 4. Nxd4 Nf6 5. Nc3 a6 6. Be2 e5 7. Nb3 Be6 8. Bg5
Be7 9. O-O O-O 10. Qd2 Nbd7 11. Rad1 Qc7 0-1

[Event "AUTO-ADV-1554"]
[Site "http://www.queenalice.com/game.php?id=689468"]
[Date "2009.11.27"]
[Round "1"]
[White "lekobr"]
[Black "Marchess"]
[Result "1-0"]
[WhiteElo "1838"]
[BlackElo "1838"]

1. Nf3 d5 2. d4 e6 3. g3 Nf6 4. Bg2 Be7 5. c4 c6 6. cxd5 cxd5 7. O-O O-O 8. Nc3
Nc6 9. Bf4 a6 10. Rb1 b5 11. a3 Na5 12. Nd2 1-0

[Event "AUTO-ADV-1554"]
[Site "http://www.queenalice.com/game.php?id=689479"]
[Date "2009.11.27"]
[Round "1"]
[White "lekobr"]
[Black "anax"]
[Result "1-0"]
[WhiteElo "1896"]
[BlackElo "1763"]

1. e4 e6 2. d4 d5 3. Nc3 h6 4. a3 Nc6 5. Nf3 a6 6. Be3 Bd7 7. Bd3 Be7 8. O-O Nf6
9. e5 Ng8 10. Ne1 Bg5 11. Bxg5 Qxg5 12. Nf3 Qe7 13. Ne2 O-O-O 14. b4 Na7 15. c4
Bc6 16. c5 f6 17. Qb3 Qd7 18. Nc3 Ne7 19. a4 fxe5 20. Nxe5 Qe8 21. b5 Bd7 22.
bxa6 b6 23. cxb6 cxb6 24. Qxb6 Bc6 25. Rfb1 1-0

[Event "AUTO-ADV-1554"]
[Site "http://www.queenalice.com/game.php?id=689480"]
[Date "2009.11.27"]
[Round "1"]
[White "anax"]
[Black "lekobr"]
[Result "0-1"]
[WhiteElo "1635"]
[BlackElo "1794"]

1. d4 d5 2. e3 Nf6 3. Nc3 Nbd7 4. h3 a6 5. a3 c5 6. Nf3 e6 7. Bd3 Be7 8. Qe2 O-O
9. Ng5 g6 10. dxc5 Nxc5 11. O-O Qc7 12. b4 Ncd7 13. g3 Qxc3 14. Rb1 Ne5 15. Bb2
Qc7 16. f4 Nxd3 17. cxd3 Bd7 18. Rfc1 Qd8 19. e4 dxe4 20. dxe4 Ne8 21. h4 Bc6
22. Rd1 Qb8 23. h5 Bxg5 24. fxg5 Qxg3+ 25. Qg2 Qxg2+ 26. Kxg2 Bxe4+ 27. Kf2 Bxb1
0-1

[Event "Let's Play Chess!"]
[Site "http://www.queenalice.com/game.php?id=694389"]
[Date "2009.12.8"]
[Round "-"]
[White "lekobr"]
[Black "oniwa"]
[Result "1-0"]
[WhiteElo "1870"]
[BlackElo "1838"]

1. e4 e5 2. Nf3 Nc6 3. Bb5 d6 4. d4 Bg4 5. dxe5 Bxf3 6. Qxf3 dxe5 7. Nc3 a6 8.
Bc4 Nf6 9. Bg5 Nd4 10. Qd1 h6 11. Be3 1-0

[Event "Let's Play Chess!"]
[Site "http://www.queenalice.com/game.php?id=694391"]
[Date "2009.12.8"]
[Round "-"]
[White "oniwa"]
[Black "lekobr"]
[Result "0-1"]
[WhiteElo "1854"]
[BlackElo "1854"]

1. e4 c5 2. Nf3 d6 3. d4 cxd4 4. Nxd4 Nf6 5. Nc3 g6 6. Bb5+ Nbd7 7. Nf3 Bg7 8.
O-O O-O 9. h3 a6 10. Bc4 Qc7 11. Bb3 b5 12. Re1 Bb7 0-1

[Event "AUTO-ADV-1575"]
[Site "http://www.queenalice.com/game.php?id=698799"]
[Date "2009.12.16"]
[Round "1"]
[White "lekobr"]
[Black "Lord_Lelis"]
[Result "0-1"]
[WhiteElo "1815"]
[BlackElo "1688"]

1. e4 e5 2. Nf3 Nc6 3. Bb5 Nd4 4. Nxd4 exd4 5. c3 c5 6. O-O Nf6 7. d3 Be7 8.
cxd4 cxd4 9. Nd2 O-O 10. Nf3 Qb6 11. Qb3 d5 12. e5 Ng4 13. Ba4 Ne3 14. Re1 Nf5
15. Qxd5 Be6 0-1

[Event "AUTO-ADV-1575"]
[Site "http://www.queenalice.com/game.php?id=698800"]
[Date "2009.12.16"]
[Round "1"]
[White "Lord_Lelis"]
[Black "lekobr"]
[Result "1-0"]
[WhiteElo "1665"]
[BlackElo "1838"]

1. e4 c5 2. d4 cxd4 3. c3 dxc3 4. Nxc3 e6 5. Nf3 Be7 6. Bb5 a6 7. Qa4 Nc6 8.
Bxc6 dxc6 9. O-O Nf6 10. Ne5 O-O 11. b3 b5 12. Nxc6 bxa4 13. Nxd8 Rxd8 14. Nxa4
Nxe4 15. Re1 Nf6 16. Bb2 Nd5 17. Re4 Bd7 18. Rae1 Bxa4 19. bxa4 Rab8 20. Ba1 Bf6
21. Bxf6 Nxf6 22. R4e3 1-0

[Event "AUTO-ADV-1575"]
[Site "http://www.queenalice.com/game.php?id=698801"]
[Date "2009.12.16"]
[Round "1"]
[White "lekobr"]
[Black "CSilva"]
[Result "1/2-1/2"]
[WhiteElo "1804"]
[BlackElo "1929"]

1. e4 c5 2. Nf3 d6 3. d4 cxd4 4. Nxd4 Nf6 5. Nc3 g6 6. Be2 Bg7 7. Be3 O-O 8. O-O
Nc6 9. Nb3 Bd7 10. a4 a6 11. Bf3 Rc8 12. Nd2 Ne5 13. Be2 Bg4 14. f3 Be6 15. f4
Nc6 16. Bc4 Bxc4 17. Nxc4 Nd7 18. Qd2 Nb4 19. Na3 Qc7 20. Nab1 Nb6 21. Bxb6
Qxb6+ 22. Kh1 Qc6 23. Ra3 a5 24. Rf3 Qd7 25. b3 Rc5 26. Nd5 Nxd5 27. exd5 Rfc8
28. c4 e6 29. dxe6 fxe6 30. h3 d5 31. Rd3 d4 32. Qe2 Rf5 33. g3 Rff8 34. Nd2 Qe7
35. Ra1 Rfe8 36. Re1 Rc5 37. Ne4 Rf5 38. Ng5 e5 39. Qg4 Qb4 40. Re4 Qa3 41. Kg2
Qb2+ 42. Re2 Qc1 43. Nf3 Ref8 44. Re1 Qc2+ 45. Rd2 Qxb3 46. Nxe5 Bxe5 47. Rxe5
Rxe5 48. fxe5 Qe3 49. Qxd4 Qf3+ 50. Kh2 Qb3 51. Qd5+ Kh8 52. e6 Qe3 53. Qd4+
Qxd4 54. Rxd4 Re8 55. Re4 Kg7 56. g4 Kf6 57. Kg3 Rxe6 58. Rxe6+ Kxe6 59. Kf4 h6
60. Ke4 Kd6 61. Kd4 b6 62. h4 Ke6 63. Ke4 Kd6 64. Kd4 1/2-1/2

[Event "AUTO-ADV-1575"]
[Site "http://www.queenalice.com/game.php?id=698802"]
[Date "2009.12.16"]
[Round "1"]
[White "CSilva"]
[Black "lekobr"]
[Result "1-0"]
[WhiteElo "1884"]
[BlackElo "1907"]

1. e4 c5 2. f4 e6 3. Nf3 Nf6 4. e5 Ng4 5. Bc4 d5 6. Bb5+ Bd7 7. Bxd7+ Nxd7 8.
O-O Be7 9. c3 f6 10. d4 c4 11. Ng5 fxg5 12. Qxg4 O-O 13. Qxe6+ Kh8 14. fxg5 Nb6
15. h4 Rxf1+ 16. Kxf1 Qf8+ 17. Kg1 Re8 18. Qg4 g6 19. Bf4 Qf5 20. Qxf5 gxf5 21.
Nd2 Kg7 22. Kf2 Kg6 23. Kf3 Nd7 24. g4 Rf8 25. h5+ Kg7 26. gxf5 Rxf5 27. Kg4 Rf7
28. e6 1-0

[Event "AUTO-ADV-1575"]
[Site "http://www.queenalice.com/game.php?id=698803"]
[Date "2009.12.16"]
[Round "1"]
[White "lekobr"]
[Black "mizu"]
[Result "0-1"]
[WhiteElo "1857"]
[BlackElo "1782"]

1. e4 e5 2. Nf3 Nc6 3. Bb5 a6 4. Ba4 Nf6 5. O-O Be7 6. Qe2 O-O 7. c3 b5 8. Bc2
Bb7 9. Rd1 d5 10. d3 d4 11. Bd2 a5 12. h3 Nh5 13. g3 g6 14. g4 Nf4 15. Bxf4 exf4
16. Kg2 Bf6 17. c4 bxc4 18. dxc4 Nb4 19. Bd3 c5 20. a3 Nxd3 21. Qxd3 Re8 22.
Nbd2 Bc6 23. b3 Rb8 0-1

[Event "AUTO-ADV-1575"]
[Site "http://www.queenalice.com/game.php?id=698804"]
[Date "2009.12.16"]
[Round "1"]
[White "mizu"]
[Black "lekobr"]
[Result "0-1"]
[WhiteElo "1766"]
[BlackElo "1885"]

1. e4 e5 2. Nf3 Nc6 3. Bb5 a6 4. Ba4 Nf6 5. O-O b5 6. Bb3 Be7 7. Ng5 O-O 8. d3
d6 9. Nc3 Na5 10. Bxf7+ Rxf7 11. Nxf7 Kxf7 12. Bg5 Kg8 13. Bxf6 Bxf6 14. Qf3 c6
15. Ne2 c5 16. Ng3 Nc6 17. Nh5 Nd4 18. Qd1 Be7 19. c3 Nc6 20. Qf3 Qf8 21. Qg3 g6
0-1